<?xml version="1.0" encoding="UTF-8"?>
<record
    xmlns:xsi="http://www.w3.org/2001/XMLSchema-instance"
    xsi:schemaLocation="http://www.loc.gov/MARC21/slim http://www.loc.gov/standards/marcxml/schema/MARC21slim.xsd"
    xmlns="http://www.loc.gov/MARC21/slim">

  <leader>01736nab a2200253 i 4500</leader>
  <controlfield tag="001">BPP</controlfield>
  <controlfield tag="003">BPK</controlfield>
  <controlfield tag="005">20180430143745.0</controlfield>
  <controlfield tag="008">140604s2005    pl     f     |000 0    </controlfield>
  <datafield tag="040" ind1=" " ind2=" ">
    <subfield code="c">BPK</subfield>
  </datafield>
  <datafield tag="041" ind1=" " ind2=" ">
    <subfield code="a">pol</subfield>
    <subfield code="b">eng</subfield>
  </datafield>
  <datafield tag="080" ind1=" " ind2=" ">
    <subfield code="a">664</subfield>
  </datafield>
  <datafield tag="080" ind1=" " ind2=" ">
    <subfield code="a">621.928</subfield>
  </datafield>
  <datafield tag="100" ind1=" " ind2=" ">
    <subfield code="a">JAKUBOWSKI, Marek.</subfield>
    <subfield code="d">2001 - .</subfield>
    <subfield code="b">Politechnika Koszali&#x144;ska - Wydzia&#x142; Mechaniczny,</subfield>
    <subfield code="c">Katedra In&#x17C;ynierii Spo&#x17C;ywczej i Tworzyw Sztucznych</subfield>
  </datafield>
  <datafield tag="245" ind1=" " ind2=" ">
    <subfield code="a">Analiza wynik&#xF3;w pomiaru ci&#x15B;nienia dynamicznego cieczy rotuj&#x105;cej w kadzi wirowo-osadowej = </subfield>
    <subfield code="b">Analyses of measuring the velocity of fluid rotating in whirling-settling vat /</subfield>
    <subfield code="c">Marek Jakubowski, Tadeusz Bil, Ryszard Tesmer.</subfield>
  </datafield>
  <datafield tag="260" ind1=" " ind2=" ">
    <subfield code="c">2005.</subfield>
  </datafield>
  <datafield tag="500" ind1=" " ind2=" ">
    <subfield code="a">Dane z autopsji.</subfield>
  </datafield>
  <datafield tag="520" ind1=" " ind2=" ">
    <subfield code="a">Praca przedstawia analiz&#x119; wynik&#xF3;w pomiar&#xF3;w pr&#x119;dko&#x15B;ci wirowania cieczy w kadzi wirowo-osadowej. Badania przeprowadzono na laboratoryjnej kadzi wirowo-osadowej o &#x15B;rednicy D=0,64 m i maksymalnej wysoko&#x15B;ci nalewu H=0,92 m. Pomiary ci&#x15B;nienia hydrodynamicznego dokonano poprzez zastosowanie zaadaptowanych do tego celu rurek Pitota w postaci grzebienia pomiarowego. Przeprowadzono aproksymacj&#x119; wynik&#xF3;w eksperymentalnych okre&#x15B;laj&#x105;c rozk&#x142;ad pola pr&#x119;dko&#x15B;ci cieczy w kadzi. Do analizy wynik&#xF3;w zastosowano dodatek SOLVER arkusza kalkulacyjnego EXCEL.</subfield>
  </datafield>
  <datafield tag="650" ind1=" " ind2="0">
    <subfield code="a">Przemys&#x142; rolno-spo&#x17C;ywczy.</subfield>
  </datafield>
  <datafield tag="700" ind1=" " ind2=" ">
    <subfield code="a">TESMER, Ryszard.</subfield>
    <subfield code="d">1996 - 2008.</subfield>
    <subfield code="b">Politechnika Koszali&#x144;ska - Wydzia&#x142; Mechaniczny,</subfield>
    <subfield code="c">Katedra In&#x17C;ynierii Spo&#x17C;ywczej i Tworzyw Sztucznych</subfield>
  </datafield>
  <datafield tag="700" ind1=" " ind2=" ">
    <subfield code="a">BIL, Tadeusz.</subfield>
    <subfield code="d">1996 - .</subfield>
    <subfield code="b">Politechnika Koszali&#x144;ska - Wydzia&#x142; Mechaniczny,</subfield>
    <subfield code="c">Katedra In&#x17C;ynierii Spo&#x17C;ywczej i Tworzyw Sztucznych</subfield>
  </datafield>
  <datafield tag="773" ind1=" " ind2=" ">
    <subfield code="i">W :</subfield>
    <subfield code="t">In&#x17C;ynieria Rolnicza. -</subfield>
    <subfield code="g">2005, R. 9, nr 9(69), s. 149-156</subfield>
  </datafield>
  <datafield tag="942" ind1=" " ind2=" ">
    <subfield code="c">ART</subfield>
    <subfield code="2">UKD</subfield>
  </datafield>
  <datafield tag="999" ind1=" " ind2=" ">
    <subfield code="c">3147</subfield>
    <subfield code="d">3147</subfield>
  </datafield>
  <datafield tag="952" ind1=" " ind2=" ">
    <subfield code="0">0</subfield>
    <subfield code="1">0</subfield>
    <subfield code="4">0</subfield>
    <subfield code="7">0</subfield>
    <subfield code="a">BPK</subfield>
    <subfield code="b">BPK</subfield>
    <subfield code="o">01443</subfield>
    <subfield code="y">ART</subfield>
  </datafield>
</record>
